00861nam a22002057a 4500999001900000005001700019010001500036020002600051035001400077037001300091082001800104100002700122245009000149260004200239270008000281300004900361500008200410942003200492952013100524 c157862d15786220181006112104.0 aENG-124187 a9789352807116c350.00 aEN-107719 bDBAD/PUB00a363.705610954 aKandpal, Prakash Chand10aEnvironmental governance in india:cby Prakash Chand Kandpalbissues and challenges / a New Delhi bSAGE Publications,c2018 aB1/I-1 Mohan Cooperative Industrial Area, Mathura Roadb New Delhi e110044 axl,255p.(C-1p,B-1p, B-5p, I-1p)c24 cm.(pbk) aIt include conclusion, annotated bibliography, select bibliography and index 2ddccENh363.705610954mKAN 001040718NFICaDBADbZLSd2018-10-06eDBAD/PUBg350.00l0o363.705610954 KANpEN-107719r2018-10-06 00:00:00t1v350.00yEN